[Event "Junior Online 4NCL Division 3"]
[Site "online"]
[Date "2021.03.18"]
[EventDate "2021.03.18"]
[Round "5.108"]
[White "Burrill, Edoardo"]
[WhiteElo "1383"]
[WhiteTeam "JHJ Shark Tank 4"]
[Black "Catabay, Mae Katelyn Rose"]
[BlackElo "1446"]
[BlackTeam "Colchester Juniors A"]
[Result "0-1"]
[PlyCount "104"]

1. e4 e6 2. Nf3 d5 3. exd5 exd5 4. Bb5+ Bd7 5. Bxd7+ Nxd7 6. O-O c5 7. Re1+ Be7 8. Nc3 Ngf6 9. b3 O-O 10. d3 Bd6 11. Bg5 d4 12. Nd5 Bc7 13. c4 Re8 14. Qd2 Ne5 15. Nxc7 Qxc7 16. Nxe5 Rxe5 17. Bxf6 gxf6 18. Qh6 Qd6 19. Re4 Rg5 20. Rh4 Rg7 21. Re1 Qc6 22. Ree4 f5 23. Qxc6 bxc6 24. Re5 f6 25. Rxf5 Re8 26. h3 Re1+ 27. Kh2 Re5 28. Rxf6 Reg5 29. g3 R5g6 30. Rf5 Rg5 31. Rff4 Re7 32. Rf6 Re2 33. Kg2 Rxa2 34. Rxc6 Rf5 35. Rf4 Rxf4 36. gxf4 Ra3 37. Rc8+ Kg7 38. Rb8 a5 39. Rb5 Kf7 40. Kf3 Ke6 41. Ke4 Kd6 42. Kf5 a4 43. b4 cxb4 44. Rxb4 Rxd3 45. Rxa4 Rc3 46. Kf6 d3 47. Ra6+ Kc5 48. Ra4 d2 49. Ra2 d1=Q 50. Ra5+ Kxc4 51. Ra7 Qd4+ 52. Kf7 Qxa7+ 0-1

[Event "Junior Online 4NCL Division 3"]
[Site "online"]
[Date "2021.03.18"]
[EventDate "2021.03.18"]
[Round "5.112"]
[White "Roul, Tushar"]
[WhiteElo "395"]
[WhiteTeam "East Kilbride Bishops"]
[Black "Abraham, Lexi"]
[BlackElo "970"]
[BlackTeam "Leicestershire Juniors 4"]
[Result "1-0"]
[PlyCount "91"]

1. e4 e5 2. Nf3 Nc6 3. Nc3 Nf6 4. d4 d6 5. dxe5 dxe5 6. Qxd8+ Nxd8 7. Nxe5 Be6 8. Be3 Bb4 9. Bd3 Bxc3+ 10. bxc3 Rf8 11. O-O Ng4 12. Nxg4 Bxg4 13. f3 Be6 14. f4 Nc6 15. f5 Bd7 16. Bf4 Rc8 17. Rab1 Na5 18. Bb5 Bxb5 19. Rxb5 b6 20. Re5+ Kd7 21. Rd1+ Kc6 22. Re7 Nc4 23. Rdd7 h6 24. Rxc7+ Rxc7 25. Rxc7+ Kb5 26. a4+ Kxa4 27. Rxc4+ Kb5 28. Rb4+ Kc5 29. Be3+ Kd6 30. Bd4 a5 31. Rxb6+ Kc7 32. Ra6 Re8 33. e5 f6 34. e6 Kb7 35. Rxa5 Ra8 36. Rxa8 Kxa8 37. e7 Kb8 38. e8=Q+ Kc7 39. Qf7+ Kc6 40. Qxg7 Kd5 41. Qd7+ Ke4 42. Qe6+ Kf4 43. g3+ Kf3 44. Qe3+ Kg4 45. Qf4+ Kh3 46. Qh4# 1-0

[Event "Junior Online 4NCL Division 3"]
[Site "online"]
[Date "2021.03.18"]
[EventDate "2021.03.18"]
[Round "5.113"]
[White "Dahi, Varad Prakash"]
[WhiteElo "833"]
[WhiteTeam "Leicestershire Juniors 4"]
[Black "Narasimhan, Srivathsan"]
[BlackElo "410"]
[BlackTeam "East Kilbride Bishops"]
[Result "0-1"]
[PlyCount "76"]

1. e4 e5 2. Nf3 Nc6 3. Bb5 Bd6 4. Bxc6 bxc6 5. Nc3 Nf6 6. d3 O-O 7. Bg5 Qe7 8. O-O Bc5 9. Nxe5 Qxe5 10. Bxf6 Qxf6 11. Na4 Bd6 12. c3 Be5 13. d4 Bf4 14. g3 Qg6 15. Qf3 f5 16. Qxf4 fxe4 17. Qe3 d5 18. f3 Be6 19. Nc5 Bg4 20. f4 Rf6 21. Nd7 Bxd7 22. Rad1 Bg4 23. Rd2 Raf8 24. Rdf2 Bh3 25. Rb1 h5 26. f5 Rxf5 27. Rxf5 Rxf5 28. Kh1 Qg4 29. Rg1 h4 30. gxh4 Rf1 31. Rxf1 Bxf1 32. Qg1 Qd1 33. Qg5 Qf3+ 34. Kg1 Be2 35. Qd8+ Kf7 36. Qd7+ Kg8 37. Qc8+ Kh7 38. Qxc7 Qf1# 0-1

[Event "Junior Online 4NCL Division 3"]
[Site "online"]
[Date "2021.03.18"]
[EventDate "2021.03.18"]
[Round "5.114"]
[White "Bhattacharjee, Aaditya"]
[WhiteElo "250"]
[WhiteTeam "East Kilbride Bishops"]
[Black "Jackson, Will"]
[BlackElo "809"]
[BlackTeam "Leicestershire Juniors 4"]
[Result "1-0"]
[PlyCount "71"]

1. e4 e5 2. Nf3 d6 3. Bc4 Bg4 4. h3 Bh5 5. Nc3 d5 6. Nxd5 Bc5 7. d3 Bxf3 8. Qxf3 Nc6 9. c3 Nh6 10. Bxh6 gxh6 11. Nf6+ Kf8 12. O-O Na5 13. Bb3 Nxb3 14. axb3 b6 15. b4 Be7 16. Nd5 c6 17. Nxe7 Qxe7 18. d4 exd4 19. cxd4 a6 20. e5 a5 21. Qxc6 f6 22. Qxa8+ Qe8 23. Qxe8+ Kxe8 24. bxa5 bxa5 25. Rxa5 Kf7 26. Rfa1 Rd8 27. R1a4 Kg6 28. e6 Kg7 29. d5 Re8 30. Ra6 Kf8 31. Re4 f5 32. Re1 Rd8 33. e7+ Ke8 34. exd8=Q+ Kxd8 35. Ra7 Kc8 36. Re8# 1-0

[Event "Junior Online 4NCL Division 3"]
[Site "online"]
[Date "2021.03.18"]
[EventDate "2021.03.18"]
[Round "5.116"]
[White "Abraham, Lexi"]
[WhiteElo "970"]
[WhiteTeam "Leicestershire Juniors 4"]
[Black "Roul, Tushar"]
[BlackElo "395"]
[BlackTeam "East Kilbride Bishops"]
[Result "0-1"]
[PlyCount "28"]

1. e4 d5 2. d3 dxe4 3. dxe4 Qxd1+ 4. Kxd1 e5 5. f3 Nc6 6. Nc3 Be6 7. Nh3 O-O-O+ 8. Ke2 Bc4+ 9. Kf2 Bc5+ 10. Kg3 Bxf1 11. Rxf1 h5 12. Na4 h4+ 13. Kg4 Nf6+ 14. Kg5 Rh5# 0-1

[Event "Junior Online 4NCL Division 3"]
[Site "online"]
[Date "2021.03.18"]
[EventDate "2021.03.18"]
[Round "5.117"]
[White "Narasimhan, Srivathsan"]
[WhiteElo "410"]
[WhiteTeam "East Kilbride Bishops"]
[Black "Dahi, Varad Prakash"]
[BlackElo "833"]
[BlackTeam "Leicestershire Juniors 4"]
[Result "1-0"]
[PlyCount "123"]

1. e4 e5 2. Nf3 Nc6 3. Nc3 Nf6 4. d4 exd4 5. Nxd4 Nxd4 6. Qxd4 d6 7. Bc4 Be6 8. O-O Bxc4 9. Qxc4 Be7 10. Bf4 O-O 11. Rad1 a6 12. e5 Nh5 13. exd6 Bxd6 14. Bxd6 cxd6 15. Ne4 Rc8 16. Qd5 Rc6 17. Qxh5 g6 18. Qf3 d5 19. c4 dxe4 20. Rxd8 Rxd8 21. Qxe4 Rcd6 22. h3 Rd4 23. Qxb7 Rxc4 24. Qxa6 Rdc8 25. b3 R4c6 26. Qb5 Rc5 27. Qd7 R5c7 28. Qd5 Rc5 29. Qd4 R8c6 30. a4 Rc3 31. b4 R3c4 32. Qd8+ Kg7 33. b5 Rc8 34. Qb6 Rxa4 35. Rb1 Raa8 36. Qb7 Rab8 37. Qd5 Rd8 38. Qe5+ f6 39. Qe7+ Kg8 40. b6 Re8 41. Qxf6 Rf8 42. Qd6 Rfd8 43. Qe6+ Kh8 44. b7 Kg7 45. Qe7+ Kg8 46. Qxd8+ Rxd8 47. b8=Q Rxb8 48. Rxb8+ Kf7 49. Rb7+ Kf6 50. Rxh7 Kf5 51. g4+ Kg5 52. Kg2 Kf6 53. Kg3 Kg5 54. h4+ Kf6 55. h5 gxh5 56. gxh5 Kg5 57. h6 Kg6 58. Rh8 Kh5 59. h7 Kh6 60. f4 Kh5 61. Rg8 Kh6 62. h8=Q# 1-0

[Event "Junior Online 4NCL Division 3"]
[Site "online"]
[Date "2021.03.18"]
[EventDate "2021.03.18"]
[Round "5.118"]
[White "Jackson, Will"]
[WhiteElo "809"]
[WhiteTeam "Leicestershire Juniors 4"]
[Black "Bhattacharjee, Aaditya"]
[BlackElo "250"]
[BlackTeam "East Kilbride Bishops"]
[Result "0-1"]
[PlyCount "38"]

1. e4 e5 2. d3 Nf6 3. Bg5 Bc5 4. Nc3 h6 5. Bh4 Nc6 6. Nd5 Be7 7. Nxf6+ Bxf6 8. Bxf6 Qxf6 9. d4 Nxd4 10. Bc4 O-O 11. Nf3 Nxf3+ 12. gxf3 c6 13. Qd2 Qxf3 14. O-O Qxe4 15. Bd3 Qg4+ 16. Kh1 d5 17. Rg1 Qf3+ 18. Rg2 Bh3 19. Kg1 Qxg2# 0-1

[Event "Junior Online 4NCL Division 3"]
[Site "online"]
[Date "2021.03.18"]
[EventDate "2021.03.18"]
[Round "5.122"]
[White "Das, Aman"]
[WhiteElo "658"]
[WhiteTeam "Leicestershire Juniors 5"]
[Black "Smolders, Thomas"]
[BlackElo "1330"]
[BlackTeam "The Hall 1"]
[Result "0-1"]
[PlyCount "22"]

1. e4 e5 2. Nf3 Nc6 3. Bc4 Bc5 4. O-O d6 5. d3 Bg4 6. Nc3 Nd4 7. Ng5 Bxd1 8. Rxd1 Nh6 9. Nf3 Nxf3+ 10. gxf3 Qh4 11. Kf1 Qxf2# 0-1

[Event "Junior Online 4NCL Division 3"]
[Site "online"]
[Date "2021.03.18"]
[EventDate "2021.03.18"]
[Round "5.124"]
[White "Mehta, Zara"]
[WhiteElo "619"]
[WhiteTeam "Leicestershire Juniors 5"]
[Black "Jhamna, Florian"]
[BlackElo "1369"]
[BlackTeam "The Hall 1"]
[Result "0-1"]
[PlyCount "52"]

1. d4 e6 2. Bf4 d5 3. e3 c5 4. Nf3 Nc6 5. c3 Nf6 6. Nbd2 Qb6 7. Bd3 Qxb2 8. Rb1 Qxa2 9. Bb5 Bd7 10. Bxc6 Bxc6 11. Bg5 Be7 12. Ne5 O-O 13. Nxc6 bxc6 14. Rb7 Rfe8 15. Bxf6 Bxf6 16. O-O cxd4 17. cxd4 Qa6 18. Rb3 h6 19. e4 dxe4 20. Nxe4 Rad8 21. Nxf6+ gxf6 22. Re1 Qa5 23. Qb1 e5 24. dxe5 fxe5 25. Rg3+ Kh8 26. Qf5 Qxe1# 0-1

[Event "Junior Online 4NCL Division 3"]
[Site "online"]
[Date "2021.03.18"]
[EventDate "2021.03.18"]
[Round "5.126"]
[White "Smolders, Thomas"]
[WhiteElo "1330"]
[WhiteTeam "The Hall 1"]
[Black "Das, Aman"]
[BlackElo "658"]
[BlackTeam "Leicestershire Juniors 5"]
[Result "1-0"]
[PlyCount "37"]

1. e4 c5 2. Nf3 Nc6 3. c3 e5 4. d4 cxd4 5. cxd4 exd4 6. Nxd4 Nxd4 7. Qxd4 Qa5+ 8. Bd2 Qd8 9. Bc4 d6 10. Nc3 Qh4 11. Bb5+ Kd8 12. Qd5 Qg4 13. Rg1 Nf6 14. Qxf7 Nxe4 15. Qe8+ Kc7 16. Qxe4 Qh5 17. Qc4+ Kd8 18. g3 Qxh2 19. Qh4+ 1-0

[Event "Junior Online 4NCL Division 3"]
[Site "online"]
[Date "2021.03.18"]
[EventDate "2021.03.18"]
[Round "5.128"]
[White "Jhamna, Florian"]
[WhiteElo "1369"]
[WhiteTeam "The Hall 1"]
[Black "Mehta, Zara"]
[BlackElo "619"]
[BlackTeam "Leicestershire Juniors 5"]
[Result "1-0"]
[PlyCount "47"]

1. e4 e6 2. Bc4 Nc6 3. Nc3 Nf6 4. d4 d5 5. exd5 exd5 6. Bb5 a6 7. Bd3 Nb4 8. Be3 Bg4 9. Nf3 Nxd3+ 10. cxd3 Qd7 11. O-O Bxf3 12. Qxf3 Be7 13. Rfe1 Ng4 14. h3 Nxe3 15. Rxe3 O-O 16. Rae1 Rfe8 17. Nxd5 Qa4 18. Rxe7 Rxe7 19. Nxe7+ Kf8 20. Nf5 Re8 21. Rxe8+ Qxe8 22. Qxb7 Qe1+ 23. Kh2 Qxf2 24. Qc8# 1-0

[Event "Junior Online 4NCL Division 3"]
[Site "online"]
[Date "2021.03.18"]
[EventDate "2021.03.18"]
[Round "5.131"]
[White "Mangalagiri, Pranav"]
[WhiteElo "1103"]
[WhiteTeam "Uxbridge Juniors Berzerkers"]
[Black "Bryant, Harry"]
[BlackElo "1460"]
[BlackTeam "JHJ Shark Tank 3"]
[Result "1-0"]
[PlyCount "31"]

1. e4 c6 2. d4 d5 3. e5 c5 4. c3 Nc6 5. Nf3 Bg4 6. Be3 Qb6 7. dxc5 Qxb2 8. Nbd2 Nxe5 9. Rb1 Qxc3 10. Rxb7 Bxf3 11. gxf3 d4 12. Bf4 Qxc5 13. Bg2 Nd3+ 14. Kf1 Nxf4 15. Qa4+ Kd8 16. Qd7# 1-0

[Event "Junior Online 4NCL Division 3"]
[Site "online"]
[Date "2021.03.18"]
[EventDate "2021.03.18"]
[Round "5.132"]
[White "Hanache, Kai"]
[WhiteElo "1371"]
[WhiteTeam "JHJ Shark Tank 3"]
[Black "Kapoor, Devansh"]
[BlackElo "1024"]
[BlackTeam "Uxbridge Juniors Berzerkers"]
[Result "1-0"]
[PlyCount "57"]

1. d4 e6 2. Nc3 c5 3. e3 cxd4 4. exd4 d5 5. Nf3 a6 6. Bd3 Nc6 7. O-O Nf6 8. Bg5 h6 9. Bh4 Be7 10. Re1 O-O 11. a3 Bd7 12. Qd2 Ng4 13. Bxe7 Qxe7 14. Nxd5 Qd6 15. Nb6 Rae8 16. Nxd7 Qxd7 17. c3 Qd6 18. Ne5 Ncxe5 19. dxe5 Nxe5 20. Bh7+ Kxh7 21. Qxd6 Ng6 22. Rad1 Rd8 23. Qxd8 Rxd8 24. Rxd8 Nf4 25. g3 Nd5 26. Rxd5 exd5 27. Re7 Kg6 28. Rxb7 f5 29. Rb6+ 1-0

[Event "Junior Online 4NCL Division 3"]
[Site "online"]
[Date "2021.03.18"]
[EventDate "2021.03.18"]
[Round "5.134"]
[White "Yu, Rock"]
[WhiteElo "1450"]
[WhiteTeam "JHJ Shark Tank 3"]
[Black "Dhir, Jai Alexander"]
[BlackElo "1072"]
[BlackTeam "Uxbridge Juniors Berzerkers"]
[Result "0-1"]
[PlyCount "54"]

1. e4 e5 2. Nf3 Nc6 3. Bc4 Be7 4. d4 exd4 5. c3 dxc3 6. Qd5 Nh6 7. Bxh6 Rf8 8. Bxg7 Bb4 9. Bxf8 cxb2+ 10. Ke2 Qf6 11. Nbd2 bxa1=Q 12. Rxa1 Kxf8 13. Rb1 d6 14. Bb5 Be6 15. Qd3 Bd7 16. Bxc6 Bxc6 17. Rxb4 a5 18. Rb1 Qh6 19. e5 Re8 20. Nc4 dxe5 21. Kf1 e4 22. Qa3+ Kg8 23. Nfe5 Bd5 24. Ne3 Rxe5 25. Nxd5 Rxd5 26. Rxb7 Rd1+ 27. Ke2 Qd2# 0-1

[Event "Junior Online 4NCL Division 3"]
[Site "online"]
[Date "2021.03.18"]
[EventDate "2021.03.18"]
[Round "5.135"]
[White "Bryant, Harry"]
[WhiteElo "1460"]
[WhiteTeam "JHJ Shark Tank 3"]
[Black "Mangalagiri, Pranav"]
[BlackElo "1103"]
[BlackTeam "Uxbridge Juniors Berzerkers"]
[Result "1-0"]
[PlyCount "47"]

1. d4 Nf6 2. Nc3 d5 3. Bf4 Bf5 4. e3 e6 5. Nb5 Na6 6. c4 c6 7. Nc3 Nb4 8. Rc1 Bd6 9. Bg3 Qc7 10. c5 Bxg3 11. hxg3 O-O-O 12. a3 Na6 13. Bxa6 bxa6 14. Nf3 h6 15. Ne5 Rhf8 16. Qa4 Be4 17. Qxa6+ Kb8 18. Nxc6+ Ka8 19. Nxd8 Rxd8 20. Nb5 Qb8 21. c6 Bd3 22. c7 Qxb5 23. cxd8=Q+ Qb8 24. Qc6# 1-0

[Event "Junior Online 4NCL Division 3"]
[Site "online"]
[Date "2021.03.18"]
[EventDate "2021.03.18"]
[Round "5.136"]
[White "Kapoor, Devansh"]
[WhiteElo "1024"]
[WhiteTeam "Uxbridge Juniors Berzerkers"]
[Black "Hanache, Kai"]
[BlackElo "1371"]
[BlackTeam "JHJ Shark Tank 3"]
[Result "0-1"]
[PlyCount "20"]

1. e4 c6 2. Nf3 d5 3. exd5 cxd5 4. d4 Nc6 5. Nc3 Nf6 6. Bb5 Bg4 7. h3 Bh5 8. Bxc6+ bxc6 9. Bg5 Qb6 10. Ne5 Bxd1 0-1

[Event "Junior Online 4NCL Division 3"]
[Site "online"]
[Date "2021.03.18"]
[EventDate "2021.03.18"]
[Round "5.138"]
[White "Dhir, Jai Alexander"]
[WhiteElo "1072"]
[WhiteTeam "Uxbridge Juniors Berzerkers"]
[Black "Yu, Rock"]
[BlackElo "1450"]
[BlackTeam "JHJ Shark Tank 3"]
[Result "0-1"]
[PlyCount "50"]

1. e4 Nf6 2. e5 Nd5 3. Bc4 Nb6 4. d3 Nxc4 5. dxc4 d6 6. exd6 cxd6 7. Nf3 Nc6 8. O-O g6 9. Be3 Bg7 10. Bd4 Nxd4 11. Nxd4 Qb6 12. c3 Qxb2 13. Nb5 O-O 14. N1a3 a6 15. Rb1 Qxa2 16. Ra1 Qb2 17. Rb1 Qa2 18. Re1 axb5 19. Nxb5 Qxc4 20. Nc7 Qxc7 21. Re3 e6 22. Ra1 Rxa1 23. Qxa1 d5 24. Qc1 d4 25. cxd4 Qxc1+ 0-1

[Event "Junior Online 4NCL Division 3"]
[Site "online"]
[Date "2021.03.18"]
[EventDate "2021.03.18"]
[Round "5.141"]
[White "Smith, Ryan S"]
[WhiteElo "1769"]
[WhiteTeam "KEGS A"]
[Black "Grahame, Silas"]
[BlackElo "1075"]
[BlackTeam "Harrow Juniors F"]
[Result "1-0"]
[PlyCount "33"]

1. d4 d5 2. c4 c6 3. Nc3 Bf5 4. cxd5 cxd5 5. Qb3 Be4 6. Qxb7 Nd7 7. Nxe4 dxe4 8. Qxe4 e6 9. Nf3 f6 10. e3 e5 11. dxe5 Nxe5 12. Nxe5 fxe5 13. Qxe5+ Ne7 14. Bb5+ Kf7 15. Bc4+ Ke8 16. O-O g6 17. Qxh8 1-0

[Event "Junior Online 4NCL Division 3"]
[Site "online"]
[Date "2021.03.18"]
[EventDate "2021.03.18"]
[Round "5.142"]
[White "Wang, Xiling"]
[WhiteElo "894"]
[WhiteTeam "Harrow Juniors F"]
[Black "Siddharth, Lakshan"]
[BlackElo "1579"]
[BlackTeam "KEGS A"]
[Result "0-1"]
[PlyCount "30"]

1. e4 Nf6 2. Nc3 d5 3. f3 dxe4 4. fxe4 e5 5. Nf3 Bc5 6. Nxe5 Qd4 7. Nd3 Bb6 8. Nb5 Qxe4+ 9. Qe2 O-O 10. Qxe4 Nxe4 11. g3 Re8 12. Rg1 Nc3+ 13. Be2 Rxe2+ 14. Kf1 Bh3+ 15. Rg2 Bxg2# 0-1

[Event "Junior Online 4NCL Division 3"]
[Site "online"]
[Date "2021.03.18"]
[EventDate "2021.03.18"]
[Round "5.143"]
[White "Caves, Fraser"]
[WhiteElo "1471"]
[WhiteTeam "KEGS A"]
[Black "Patel-Davis, Riyan"]
[BlackElo "876"]
[BlackTeam "Harrow Juniors F"]
[Result "1-0"]
[PlyCount "65"]

1. e4 e5 2. f4 d6 3. Nf3 exf4 4. Nc3 Bg4 5. Bc4 Bxf3 6. Qxf3 Qh4+ 7. g3 fxg3 8. Qxf7+ Kd8 9. Qxf8+ Kd7 10. Qf7+ Kd8 11. Qf8+ Kd7 12. Qf5+ Kd8 13. Kd1 g2 14. Qf8+ Kd7 15. Qxg7+ Kd8 16. Qxg2 Qh5+ 17. Be2 Qc5 18. Rf1 d5 19. Nxd5 h6 20. Qg7 Qd6 21. Rf8+ Qxf8 22. Qxf8+ Kd7 23. Qg7+ Ke6 24. Qxh8 Nc6 25. Bg4+ Kd6 26. Qg7 h5 27. Qxc7+ Kc5 28. d4+ Kxd4 29. Qxb7 Rf8 30. Qg7+ Nf6 31. Qxf8 Nxd5 32. c3+ Kxe4 33. Qf5# 1-0

[Event "Junior Online 4NCL Division 3"]
[Site "online"]
[Date "2021.03.18"]
[EventDate "2021.03.18"]
[Round "5.144"]
[White "Horwood, Alexander"]
[WhiteElo "640"]
[WhiteTeam "Harrow Juniors F"]
[Black "Arun Jacob, Nigel A"]
[BlackElo "1455"]
[BlackTeam "KEGS A"]
[Result "0-1"]
[PlyCount "72"]

1. e4 c5 2. Nf3 Nc6 3. Nc3 Nf6 4. d4 cxd4 5. Nxd4 d5 6. f3 dxe4 7. fxe4 Qxd4 8. Qxd4 Nxd4 9. e5 Nxc2+ 10. Kd1 Nxa1 11. exf6 gxf6 12. Bb5+ Bd7 13. Bxd7+ Kxd7 14. Ke2 Nc2 15. Rd1+ Kc6 16. Rd5 e5 17. Ne4 Nd4+ 18. Kd3 Kxd5 19. Nxf6+ Kc5 20. Nd7+ Kc6 21. Nxe5+ Kd5 22. Nxf7 Rg8 23. Nh6 Bxh6 24. Bxh6 Rxg2 25. Be3 Rxb2 26. Bxd4 Rxa2 27. h4 Ra4 28. Bg7 Ra3+ 29. Bc3 Rc8 30. h5 Rcxc3+ 31. Ke2 Re3+ 32. Kf2 Rf3+ 33. Kg2 Rg3+ 34. Kh2 Rg4 35. h6 a6 36. Kh1 Rh3# 0-1

[Event "Junior Online 4NCL Division 3"]
[Site "online"]
[Date "2021.03.18"]
[EventDate "2021.03.18"]
[Round "5.145"]
[White "Grahame, Silas"]
[WhiteElo "1075"]
[WhiteTeam "Harrow Juniors F"]
[Black "Smith, Ryan S"]
[BlackElo "1769"]
[BlackTeam "KEGS A"]
[Result "0-1"]
[PlyCount "40"]

1. e4 c5 2. Nc3 Nc6 3. Bb5 Nd4 4. Bd3 g6 5. Nf3 Bg7 6. Bc4 e6 7. Nxd4 cxd4 8. Nb5 d6 9. O-O a6 10. Na3 b5 11. Bd3 Ne7 12. Be2 d5 13. exd5 Nxd5 14. d3 O-O 15. Bf3 Bb7 16. Nb1 Qc7 17. Nd2 Rac8 18. Bxd5 Bxd5 19. Ne4 Qxc2 20. Qf3 f5 0-1

[Event "Junior Online 4NCL Division 3"]
[Site "online"]
[Date "2021.03.18"]
[EventDate "2021.03.18"]
[Round "5.146"]
[White "Siddharth, Lakshan"]
[WhiteElo "1579"]
[WhiteTeam "KEGS A"]
[Black "Wang, Xiling"]
[BlackElo "894"]
[BlackTeam "Harrow Juniors F"]
[Result "1-0"]
[PlyCount "62"]

1. e4 e5 2. Nf3 Nc6 3. Bc4 Bc5 4. b4 Bxb4 5. c3 Bc5 6. d4 exd4 7. O-O dxc3 8. Bxf7+ Kxf7 9. Qd5+ Ke8 10. Qxc5 c2 11. Qxc2 Nf6 12. e5 Nd5 13. Rd1 Ndb4 14. Qe4 b6 15. Bg5 Ne7 16. Qxa8 Nbc6 17. Bxe7 Qxe7 18. Qxc8+ Qd8 19. Qxd8+ Nxd8 20. Nc3 c5 21. Rd2 a6 22. Rad1 Nc6 23. Rxd7 b5 24. e6 b4 25. e7 bxc3 26. Rd8+ Nxd8 27. exd8=Q+ Kf7 28. Rd7+ Ke6 29. Rd6+ Kf5 30. Qg5+ Ke4 31. Qe5# 1-0

[Event "Junior Online 4NCL Division 3"]
[Site "online"]
[Date "2021.03.18"]
[EventDate "2021.03.18"]
[Round "5.147"]
[White "Patel-Davis, Riyan"]
[WhiteElo "876"]
[WhiteTeam "Harrow Juniors F"]
[Black "Caves, Fraser"]
[BlackElo "1471"]
[BlackTeam "KEGS A"]
[Result "0-1"]
[PlyCount "56"]

1. e4 e5 2. Nf3 Nc6 3. Nc3 Nf6 4. Bb5 Bc5 5. d4 exd4 6. Nd5 Nxe4 7. Qe2 f5 8. g4 Nb4 9. Nc3 dxc3 10. gxf5 Nxc2+ 11. Qxc2 Qe7 12. O-O O-O 13. Bc4+ Kh8 14. bxc3 Rxf5 15. Re1 Bxf2+ 16. Qxf2 d5 17. Bxd5 Rxd5 18. Qh4 Qxh4 19. Nxh4 Nf6 20. Bg5 Rxg5+ 21. Ng2 Bh3 22. Re7 Rxg2+ 23. Kh1 Re8 24. Rxc7 Ree2 25. Rc8+ Bxc8 26. Rd1 Bh3 27. Rd8+ Ng8 28. c4 Re1# 0-1

[Event "Junior Online 4NCL Division 3"]
[Site "online"]
[Date "2021.03.18"]
[EventDate "2021.03.18"]
[Round "5.148"]
[White "Arun Jacob, Nigel A"]
[WhiteElo "1455"]
[WhiteTeam "KEGS A"]
[Black "Horwood, Alexander"]
[BlackElo "640"]
[BlackTeam "Harrow Juniors F"]
[Result "1-0"]
[PlyCount "43"]

1. d4 d5 2. c4 c6 3. Nc3 Nf6 4. Bf4 Ne4 5. Qc2 c5 6. dxc5 Qa5 7. cxd5 Qxc5 8. Qxe4 Qa5 9. Qa4+ Qxa4 10. Nxa4 Bd7 11. Nc5 b6 12. Nxd7 Nxd7 13. O-O-O O-O-O 14. e4 Nc5 15. f3 e6 16. b4 Na4 17. Ba6+ Kd7 18. Bb5+ Ke7 19. d6+ Kf6 20. Bd3 Rc8+ 21. Kd2 Nb2 22. e5# 1-0

[Event "Junior Online 4NCL Division 3"]
[Site "online"]
[Date "2021.03.18"]
[EventDate "2021.03.18"]
[Round "5.151"]
[White "Vaidyanathan, Sathya"]
[WhiteElo "1088"]
[WhiteTeam "Warwickshire Bears G"]
[Black "Abraham, Leo"]
[BlackElo "1076"]
[BlackTeam "Leicestershire Juniors 3"]
[Result "1-0"]
[PlyCount "157"]

1. e4 e5 2. Nf3 Nc6 3. Bc4 h6 4. Nc3 Nf6 5. d3 Bc5 6. a3 d6 7. h3 O-O 8. b4 Bb6 9. O-O Be6 10. Nd5 Bxd5 11. Bxd5 Nxd5 12. exd5 Nd4 13. Nxd4 Bxd4 14. Rb1 Qe7 15. c4 Bb6 16. Bb2 Rfe8 17. Qg4 Qf6 18. Qg3 Qf5 19. a4 a6 20. a5 Ba7 21. Bc3 b5 22. axb6 cxb6 23. Bd2 Qf6 24. Be3 e4 25. dxe4 Rxe4 26. Rfc1 b5 27. Bxa7 Rxa7 28. cxb5 axb5 29. Rc8+ Kh7 30. Qd3 Qf5 31. Rc3 Qg6 32. f3 Rc4 33. Qxg6+ Kxg6 34. Rxc4 bxc4 35. Rc1 Rc7 36. b5 Rb7 37. Rxc4 Rxb5 38. Rd4 Kf5 39. Rg4 Kf6 40. Kf2 Rxd5 41. Rf4+ Rf5 42. Rd4 Ke6 43. Rg4 g6 44. Re4+ Re5 45. Rh4 h5 46. Ra4 Rd5 47. Re4+ Kf6 48. Rf4+ Kg7 49. Ke3 Re5+ 50. Re4 Rxe4+ 51. Kxe4 Kf6 52. Kd5 Kg5 53. Kxd6 Kf4 54. Ke7 Kg3 55. Kxf7 Kxg2 56. Kxg6 Kxf3 57. Kxh5 Kg3 58. h4 Kh3 59. Kg5 Kg3 60. h5 Kf3 61. h6 Ke4 62. h7 Ke5 63. h8=Q+ Ke6 64. Qf8 Ke5 65. Qe8+ Kd6 66. Kf6 Kd5 67. Qe5+ Kc4 68. Qd6 Kc3 69. Ke5 Kc4 70. Qd4+ Kb3 71. Qc5 Kb2 72. Kd4 Kb3 73. Qc3+ Ka4 74. Qb2 Ka5 75. Kc4 Ka6 76. Kc5 Ka7 77. Kc6 Ka6 78. Qb7+ Ka5 79. Qb5# 1-0

[Event "Junior Online 4NCL Division 3"]
[Site "online"]
[Date "2021.03.18"]
[EventDate "2021.03.18"]
[Round "5.152"]
[White "Hilmi, Sofia"]
[WhiteElo "1148"]
[WhiteTeam "Leicestershire Juniors 3"]
[Black "Gandhi, Preesh"]
[BlackElo "1065"]
[BlackTeam "Warwickshire Bears G"]
[Result "0-1"]
[PlyCount "102"]

1. e4 e5 2. Nf3 Nc6 3. Nc3 Nf6 4. Bb5 d6 5. Bxc6+ bxc6 6. d3 Be6 7. Bg5 Be7 8. O-O O-O 9. h3 h6 10. Bh4 d5 11. Re1 d4 12. Ne2 Nxe4 13. Bxe7 Qxe7 14. dxe4 f5 15. Nxe5 Qf6 16. Nxc6 fxe4 17. Rf1 Qg6 18. Ng3 Qf6 19. Nxd4 Rad8 20. c3 c5 21. Nxe4 Qe5 22. Re1 cxd4 23. cxd4 Rxd4 24. Qc2 Rf4 25. Nc5 Bf5 26. Rxe5 Bxc2 27. Ne6 Rde4 28. Nxf4 Rxe5 29. Rc1 Bh7 30. Rc7 Ra5 31. a3 Bf5 32. g4 Be4 33. Rd7 g5 34. Ne2 Bc6 35. Rc7 Bf3 36. Nd4 Be4 37. Re7 Bd5 38. Nf5 Ra6 39. Rg7+ Kf8 40. Rh7 Re6 41. Kh2 Re1 42. Rxh6 Rh1+ 43. Kg3 Rg1+ 44. Kh2 Rg2+ 45. Kh1 Rxf2+ 46. Kg1 Rg2+ 47. Kf1 Rxb2 48. Ra6 Bc4+ 49. Ke1 Bxa6 50. Ng3 Rb3 51. Ne4 Re3+ 0-1

[Event "Junior Online 4NCL Division 3"]
[Site "online"]
[Date "2021.03.18"]
[EventDate "2021.03.18"]
[Round "5.153"]
[White "Murthy, Rishab"]
[WhiteElo "1119"]
[WhiteTeam "Warwickshire Bears G"]
[Black "Ahmad, Amelia"]
[BlackElo "886"]
[BlackTeam "Leicestershire Juniors 3"]
[Result "0-1"]
[PlyCount "22"]

1. d4 d5 2. Nc3 Nc6 3. Bf4 Bf5 4. Nb5 e5 5. dxe5 Nb4 6. e4 Bxe4 7. Bd3 Bxd3 8. cxd3 Bc5 9. e6 Qh4 10. Nxc7+ Kf8 11. Nxa8 Qxf2# 0-1

[Event "Junior Online 4NCL Division 3"]
[Site "online"]
[Date "2021.03.18"]
[EventDate "2021.03.18"]
[Round "5.154"]
[White "Sehgal, Garv"]
[WhiteElo "955"]
[WhiteTeam "Leicestershire Juniors 3"]
[Black "Vora, Ravi"]
[BlackElo "1050"]
[BlackTeam "Warwickshire Bears G"]
[Result "0-1"]
[PlyCount "52"]

1. e4 e5 2. Nf3 Nc6 3. Nc3 Nf6 4. Bc4 h6 5. d3 d6 6. Be3 Bg4 7. Qd2 Bxf3 8. gxf3 Be7 9. O-O-O O-O 10. Kb1 a6 11. f4 b5 12. Bd5 Nxd5 13. Nxd5 exf4 14. Bxf4 Bg5 15. Rhg1 f6 16. h4 Bxf4 17. Nxf4 g5 18. hxg5 fxg5 19. Ne6 Qf6 20. Nxf8 Rxf8 21. f3 Nd4 22. f4 Nf3 23. fxg5 Nxd2+ 24. Rxd2 hxg5 25. Rdg2 Qf1+ 26. Rxf1 Rxf1# 0-1

[Event "Junior Online 4NCL Division 3"]
[Site "online"]
[Date "2021.03.18"]
[EventDate "2021.03.18"]
[Round "5.155"]
[White "Abraham, Leo"]
[WhiteElo "1076"]
[WhiteTeam "Leicestershire Juniors 3"]
[Black "Vaidyanathan, Sathya"]
[BlackElo "1088"]
[BlackTeam "Warwickshire Bears G"]
[Result "1-0"]
[PlyCount "61"]

1. e4 e5 2. Nf3 Nc6 3. Nc3 Nf6 4. Bc4 Bc5 5. d3 h6 6. O-O d6 7. h3 O-O 8. Be3 Nd4 9. Bxd4 Bxd4 10. Nxd4 exd4 11. Ne2 c5 12. Ng3 a6 13. a4 d5 14. exd5 Nxd5 15. Qf3 Nf6 16. Nf5 Qd7 17. Nxh6+ gxh6 18. Qxf6 Kh7 19. c3 dxc3 20. bxc3 Qf5 21. Qd6 Rg8 22. Bd5 Qxd3 23. Qxc5 Bxh3 24. Bxb7 Qg6 25. Qd5 Rad8 26. Qf3 Bg4 27. Qg3 Rb8 28. Bd5 Qf5 29. c4 Be2 30. Qe3 Bxf1 31. Be4 1-0